000 00415nam a2200157 i 4500
001 24017
003 ES-MaACL
005 20230906152955.0
007 t|
008 021213s1970 sp ||||1| spa d
100 1 _aAndreas, Paul.
_921550
245 1 0 _aNatación para todos /
_cPaul Andreas.
260 _aLeón :
_bEverest,
_c[1970?]
300 _a170 p., 12 lám. :
_bil. ;
_c19 cm.
852 _aES-MaACL
_jC-50094
999 _c24017
_d24017